Geography 7 to 1: Letter 'C' Quiz Stats

 Plays Quiz not verified by Sporcle

Support Sporcle.
Go Orange.
Score 0/28 Timer 03:00
2 Plays Today
% Correct
Chile
98.7%
Canada
98.6%
Cuba
98.6%
Cambodia
98.2%
Chad
97.8%
Cyprus
97.3%
Cairo
95%
California
93.8%
Colorado
93.6%
Connecticut
93.3%
Canberra
92.8%
Chicago
90%
Caracas
89.8%
Caribbean
89.1%
% Correct
Cologne
88.7%
Colosseum
86.6%
Casablanca
85.8%
Comoros
85.4%
Coral
81.8%
Chișinău
77.8%
Chomo Lonzo
71.1%
Chengdu
68.1%
Cho Oyu
66.5%
Conakry
63.6%
Chogolisa
58.8%
Castries
56.4%
Changtse
55.3%
Cochabamba
37.7%

You're not logged in!

Compare scores with friends on all Sporcle quizzes.
OR
Log In

From the Vault

Songs By Scene: Mary Poppins

by CatStarcatcher

Just a spoonful of sugar helps the trivia go down.
Remove Ads.
Support Sporcle.
Get the best of Sporcle when you Go Orange. This ad-free experience offers more features, more stats, and more fun while also helping to support Sporcle. Thank you for becoming a member.

Show Comments

Extras

Top Quizzes Today


Score Distribution

Your Account Isn't Verified!

In order to create a playlist on Sporcle, you need to verify the email address you used during registration. Go to your Sporcle Settings to finish the process.

Report this User

Report this user for behavior that violates our Community Guidelines.

Details: